LEADER 01263nam a2200277 a 4500 001 000000143861 003 CaOOAMICUS 005 20150605140117.0 008 150605s1993 it d u000 u ita r 040 $aPUL$bita 082 04$a306.85 110 2 $aCentro internazionale studi famiglia.$0(OLS)http://pul/name/7113 245 10$aTerzo rapporto sulla famiglia in Italia /$cCISF Centro Internazionale Studi Famiglia ; a cura di Pierpaolo Donati ; contributi di G.C. Blangiardo ... [et al.]. 260 $aCinisello Balsamo :$bSan Paolo,$c1993. 300 $a455 p. ;$c21 cm 504 $aBibliografia in nota. 650 4$aFamiglia (sociologia)$xStudi.$0(OLS)http://pul/subject/11245 700 1 $aDonati, Pierpaolo,$d1946-$0(OLS)http://pul/name/5444 700 1 $aBlangiardo, Gian Carlo.$0(OLS)http://pul/name/33553 850 $aPUL 852 $aPUL$W1$xDP2 Diritto e Scienze Sociali 3$y110$m306. 85 DONPI 3$j165923$qDDC 21$B166351$CPULBib$Z2$F166351 $H126005 $82 941 1 $a9 996 $6082$a306.85$9(OLS)http://pul/classification/1842 996 $6245$aTerzo rapporto sulla famiglia in Italia$9(OLS)http://pul/title/182000 996 $6260$aCinisello Balsamo :$bSan Paolo$9(OLS)http://pul/publisher/54577 LEADER 01531nam a2200349 a 4500 001 000000172206 003 CaOOAMICUS 005 20190702132553.0 008 190702s2019 it u000 u ita r 020 $a978-88-6788-168-0* 032 $aLibriCat 040 $aPUL$bita 082 04$a261.5 100 0 $aTimerbulatov, Timur.$0(OLS)http://pul/name/110528 245 13$aIl mistero dell' Universo: $bun dialogo tra scienza e fede /$cMon Tirei; presentazione di S.Em.il Card. Oscar Andrés Rodriguez Maradiaga; postfazione di Manlio Sodi. 260 $aRoma :$bIF Press,$c©2019. 300 $a264 p. ;$c24 cm 490 1 $aSapientia ineffabilis ;$v19 504 $aBibliografia in nota. 650 4$aScienza e fede$zEuropa$ySec. XX.$0(OLS)http://pul/subject/42769 700 1 $aSodi, Manlio,$cS.D.B.,$d1944-$0(OLS)http://pul/name/32025 700 1 $aMaradiaga, Oscar Rodriguez.$0(OLS)http://pul/name/75543 830 0$aSapientia ineffabilis ;$v19.$0(OLS)http://pul/title/178270 850 $aPUL 852 $aPUL$W1$xSL Religione 3$y85$m261. 5 TIRMO 1$j196143$qDDC 21$B200894$CPULBib$Z2$F200894 $H132943 $82 900 $aMon Tirei$9110528 941 1 $a9 996 $6020$a978-88-6788-168-0*$9(OLS)http://pul/number/166334 996 $6082$a261.5$9(OLS)http://pul/classification/417 996 $6245$aIl mistero dell' Universo: $bun dialogo tra scienza e fede$9(OLS)http://pul/title/213114 996 $6260$aRoma :$bIF Press$9(OLS)http://pul/publisher/83036